000
00321nam a2200133Ia 4500
999
_c
6751
_d
6751
003
OSt
008
191201s2017 xx 000 0 und d
100
_a
MOORE, Kieron
245
0
_a
Buddha an Enlightened Life
260
_b
KALYANI NAVYUG MEDIA PVT LTD
_c
2017
300
_a
147
650
_a
General Books
942
_2
ddc
_c
BK